000
00285nam a22001337a 4500
008
181122b xxu||||| |||| 00| 0 eng d
020
_a
9780023981203
041
_a
eng
080
_a
370
100
_a
49
101
_a
EDU
245
_a
Writing Arguments
_c
John.R
942
_2
udc
_c
BK
999
_c
52390
_d
52390